| 000 | 01389nam a2200277Ia 4500 | ||
|---|---|---|---|
| 999 |
_c55897 _d55897 |
||
| 001 | 22995 | ||
| 003 | GE_BSU | ||
| 005 | 20190516185911.0 | ||
| 008 | 181216s2008|||| |||||||||||||| ||geo|| | ||
| 020 | _a978-99928-47-81-7 | ||
| 040 | _cGE_BSU | ||
| 041 | _ageo | ||
| 080 | _a821.353.1-1 + 82-93:821.353.1-32 + 82-93:821.353.1-11 ლ-45 | ||
| 100 |
_aლეონიძე, გიორგი _924 |
||
| 245 |
_aნატვრის ხე : ლექსები, პოემა, ნატვრის ხე, ამბავი ესტატე ლაფაჩისა, პატარა ტამალია / _c გიორგი ლეონიძე ; რედ : მ. ომიაძე ; მხატვ : გურამ ღლონტი |
||
| 260 | _bნაკადული | ||
| 264 |
_aთბილისი : _bნაკადული, _c2008. |
||
| 300 |
_a688 გვ. ; _c 20 სმ. |
||
| 500 | _aლექსიკონი: გვ. 536-681. - ლექსების ანბ. საძ.: 682-685 | ||
| 653 | _aლექსები | ||
| 653 | _aპოემა | ||
| 653 | _aმხატვრული ლიტერატურა | ||
| 700 |
_aომიაძე, მ _eრედაქტორი _91264 |
||
| 700 |
_aღლონტი , გურამ _eმხატვარი _91265 |
||
| 942 |
_cBK _2udc |
||